Faculty of Law Library — Cairo University

Official Online Catalog

Public international law in a nutshell / (Record no. 60884)

MARC details
000 -LEADER
fixed length control field 01085pam a2200349 i 4500
003 - CONTROL NUMBER IDENTIFIER
control field EG-GICUC
005 - DATE AND TIME OF LATEST TRANSACTION
control field 20260204123550.0
008 - FIXED-LENGTH DATA ELEMENTS--GENERAL INFORMATION
fixed length control field 890817s1990 mnu frb 001 0 eng d
020 ## - INTERNATIONAL STANDARD BOOK NUMBER
International Standard Book Number 0314663711
020 ## - INTERNATIONAL STANDARD BOOK NUMBER
International Standard Book Number 9780314663719
040 ## - CATALOGING SOURCE
Original cataloging agency DLC
Transcribing agency DLC
Modifying agency DLC
-- EG-GICUC
Language of cataloging eng
Description conventions rda
050 00 - LIBRARY OF CONGRESS CALL NUMBER
Classification number KZ3110.B84
Item number A37 1990
082 00 - DEWEY DECIMAL CLASSIFICATION NUMBER
Classification number 341.1
Edition number 21
092 04 - LOCALLY ASSIGNED DEWEY CALL NUMBER (OCLC)
Edition number 21
099 ## - LOCAL FREE-TEXT CALL NUMBER (OCLC)
Classification number Law 11 1990
100 1# - MAIN ENTRY--PERSONAL NAME
Personal name Buergenthal, Thomas.
245 10 - TITLE STATEMENT
Title Public international law in a nutshell /
Statement of responsibility, etc. by Thomas Buergenthal, Harold G. Maier.
250 ## - EDITION STATEMENT
Edition statement 2nd edition.
264 ## - PRODUCTION, PUBLICATION, DISTRIBUTION, MANUFACTURE, AND COPYRIGHT NOTICE
Place of production, publication, distribution, manufacture St. Paul, Minn. :
Name of producer, publisher, distributor, manufacturer West Pub. Co.,
Date of production, publication, distribution, manufacture, or copyright notice 1990.
300 ## - PHYSICAL DESCRIPTION
Extent xli, 275 pages ;
Dimensions 19 cm.
336 ## - CONTENT TYPE
Content type term text
Source rdacontent
337 ## - MEDIA TYPE
Media type term Computer
Source rdamedia
338 ## - CARRIER TYPE
Carrier type term Online Resource
Source rdacarrier
490 1# - SERIES STATEMENT
Series statement West nutshell series
504 ## - BIBLIOGRAPHY, ETC. NOTE
Bibliography, etc. note "International legal research sources": p. 243-257.
650 #0 - SUBJECT ADDED ENTRY--TOPICAL TERM
Topical term or geographic name entry element International law.
700 1# - ADDED ENTRY--PERSONAL NAME
Personal name Maier, Harold G.,
Dates associated with a name 1937-
830 #0 - SERIES ADDED ENTRY--UNIFORM TITLE
Uniform title Nutshell series.
856 40 - ELECTRONIC LOCATION AND ACCESS
Uniform Resource Identifier <a href="https://fll.law.cu.edu.eg/fulltext/bks/ENGB11-00118.pdf">https://fll.law.cu.edu.eg/fulltext/bks/ENGB11-00118.pdf</a>
905 ## - Cataloger and Reviser Names
Cataloger Name: Hend El khosy
942 ## - ADDED ENTRY ELEMENTS (KOHA)
Source of classification or shelving scheme Dewey Decimal Classification
Koha item type Books
Edition 21
Suppress in OPAC No
Holdings
Withdrawn status Lost status Source of classification or shelving scheme Damaged status Not for loan Collection Home library Current library Date acquired Total checkouts Full call number Barcode Date last seen Price effective from Koha item type Public note
    Dewey Decimal Classification     القانون الدولي العام جــــامعة القــاهرة مكتبة كلية الحقوق - فـرع الشيخ زايد 04.02.2026   Law2 11 341.1 BU . P 2 ed - 1990 11000118 C1 ENGB11-00118 04.02.2026 04.02.2026 Books 1619

© All rights reserved — Faculty of Law, Cairo University